| 000 | 00594nam a2200181 a 4500 | ||
|---|---|---|---|
| 005 | 20240606063657.0 | ||
| 008 | 991125s1915 fr 000 0 spa u | ||
| 035 | _aUPN01000009936 | ||
| 049 | _aLT | ||
| 050 | 4 |
_aLB1642 R4 _bD8.38a 1915 |
|
| 100 | 1 |
_aDucoudray, Gustave, _d1838-1906 _942586 |
|
| 245 | 1 | 0 |
_aCompendio de historia general / _cG. Ducoudray ; tr. Mariano Urrabieta. |
| 260 |
_aParís : _bHachette, _c1915. |
||
| 300 |
_a556 p. : _bil. |
||
| 500 | _a"Obra de texto para las escuelas de la República de Costa Rica" | ||
| 650 | 4 |
_aHistoria _xEstudio y enseñanza _96447 |
|
| 905 | _aLibro | ||
| 999 |
_c9936 _d9936 |
||